01462nam a2200361 i 4500001001200000003000800012006001900020007001500039008004100054020001800095020002700113040003500140035002100175050002200196100001900218245003500237264004800272300005200320336002100372337002300393338003200416490001300448504005100461588004700512590014700559650002800706655002200734776015800756797001200914830003100926856012600957999001701083ebr10817859CaPaEBRm o d cr cn|||||||||130806s2012 enka ob 001 0 eng|d z9781844655342 a9781844655359 (e-book) aCaPaEBRbengerdaepncCaPaEBR a(OCoLC)87496810214aBL60b.L96 2012eb1 aLynch, Gordon.10aOn the sacred /cGordon Lynch. 1aDurham :bAcumen Publishing Limited,c2012. a1 online resource (185 pages) :billustrations. atext2rdacontent acomputer2rdamedia aonline resource2rdacarrier1 aHeretics aIncludes bibliographical references and index. aDescription based on print version record. aElectronic reproduction. Palo Alto, Calif. : ebrary, 2014. Available via World Wide Web. Access may be limited to ebrary affiliated libraries. 0aReligion and sociology. 0aElectronic books.08iPrint version:aLynch, Gordon.tOn the sacred.dDurham : Acumen Publishing Limited, 2012hvii, 176 pages ; 20 cm.kHereticsz9781844655342w(DLC)178420092 aebrary. 0aHeretics (Durham, England)40uhttp://site.ebrary.com/lib/rucke/Doc?id=10817859zAn electronic book accessible through the World Wide Web; click to view c77929d77929